[Event "London Classic op 10th"]
[Site "London"]
[Date "2018.12.15"]
[Round "7"]
[White "Buselli, Daniel"]
[Black "De Paolis, Fabrizio"]
[Result "0-1"]
[WhiteElo "1552"]
[BlackElo "1754"]
[PlyCount "46"]
[EventDate "2018.12.09"]
[EventType "swiss"]
[EventRounds "9"]
[EventCountry "ENG"]
[SourceTitle "CBM 187 Extra"]
[Source "ChessBase"]
[SourceDate "2018.11.04"]
[SourceVersion "1"]
[SourceVersionDate "2018.11.04"]
[SourceQuality "1"]

1. d4 d5 2. c4 e6 3. Nc3 c6 4. Nf3 dxc4 5. a4 Bb4 6. e4 b5 7. Bd2 a5 8. axb5 Bxc3 9. Bxc3 cxb5 10. Qd2 Nf6 11. Qg5 Bd7 12. e5 Nd5 13. Qxg7 Ke7 14. Bd2 Qg8 15. Qxg8 Rxg8 16. Rxa5 Rxa5 17. Bxa5 Nc6 18. Bd2 Rg4 19. Be3 c3 20. bxc3 Nxc3 21. h3 Rg8 22. Bg5+ Ke8 23. Kd2 Ne4+ 0-1

[Event "London Classic op"]
[Site "London"]
[Date "2017.12.05"]
[Round "5"]
[White "Wilks, Simon"]
[Black "De Paolis, Fabrizio"]
[Result "1-0"]
[WhiteElo "2022"]
[BlackElo "1763"]
[PlyCount "51"]
[EventDate "2017.12.02"]
[EventType "swiss"]
[EventRounds "9"]
[EventCountry "ENG"]
[SourceTitle "CBM 182 Extra"]
[Source "ChessBase"]
[SourceDate "2018.02.23"]
[SourceVersion "1"]
[SourceVersionDate "2018.02.23"]
[SourceQuality "1"]

1. e4 c6 2. d4 d5 3. Nc3 dxe4 4. Nxe4 Bf5 5. Ng3 Bg6 6. h4 h6 7. Nf3 Nd7 8. h5 Bh7 9. Bd3 Bxd3 10. Qxd3 e6 11. Bd2 Ngf6 12. 0-0-0 Be7 13. Qe2 Rc8 14. Ne5 c5 15. Be3 Qa5 16. Nxd7 Nxd7 17. Kb1 0-0 18. d5 exd5 19. Bxh6 Bf6 20. Bc1 Rfe8 21. Qf3 Nb6 22. h6 Nc4 23. hxg7 Bxg7 24. Nf5 Bf6 25. Qg4+ Kf8 26. Bh6+ 1-0

[Event "London Classic op"]
[Site "London"]
[Date "2017.12.02"]
[Round "1"]
[White "Stigar, Petter"]
[Black "De Paolis, Fabrizio"]
[Result "1-0"]
[WhiteElo "2214"]
[BlackElo "1763"]
[PlyCount "73"]
[EventDate "2017.12.02"]
[EventType "swiss"]
[EventRounds "9"]
[EventCountry "ENG"]
[SourceTitle "CBM 182 Extra"]
[Source "ChessBase"]
[SourceDate "2018.02.23"]
[SourceVersion "1"]
[SourceVersionDate "2018.02.23"]
[SourceQuality "1"]

1. c4 c6 2. d4 d5 3. Nf3 e6 4. Qc2 Bd6 5. g3 f5 6. Bg2 Nf6 7. 0-0 0-0 8. b3 Ne4 9. Ba3 f4 10. Bxd6 Qxd6 11. Nbd2 Nxd2 12. Qxd2 fxg3 13. hxg3 Nd7 14. Rad1 Nf6 15. Qb2 Bd7 16. Ne5 Be8 17. Rd3 Bh5 18. Bf3 Bxf3 19. exf3 b6 20. Re1 c5 21. Kg2 Rac8 22. Qe2 Rfe8 23. Red1 Nd7 24. Nxd7 Qxd7 25. dxc5 bxc5 26. cxd5 exd5 27. Qd2 d4 28. b4 cxb4 29. Rxd4 Qe6 30. Rxb4 Kh8 31. Rb7 a6 32. Qb2 Re7 33. Rb6 Qc4 34. Rd4 Qc5 35. Rxa6 Rce8 36. Rad6 Re2 37. Qxe2 1-0

[Event "London Crouch op"]
[Site "London"]
[Date "2016.04.03"]
[Round "2"]
[White "Stanisz, Patryk"]
[Black "De Paolis, Fabrizio"]
[Result "1-0"]
[WhiteElo "2128"]
[BlackElo "1878"]
[PlyCount "101"]
[EventDate "2016.04.02"]
[EventType "swiss"]
[EventRounds "9"]
[EventCountry "ENG"]
[SourceTitle "CBM 171 Extra"]
[Source "ChessBase"]
[SourceDate "2016.04.26"]
[SourceVersion "1"]
[SourceVersionDate "2016.04.26"]
[SourceQuality "1"]

1. d4 d5 2. c4 c6 3. Nf3 e6 4. e3 f5 5. Bd3 Nf6 6. 0-0 Bd6 7. b3 Qe7 8. a4 0-0 9. Ba3 Bxa3 10. Nxa3 Nbd7 11. cxd5 exd5 12. Bxf5 Ne4 13. Bxe4 dxe4 14. Nd2 Qh4 15. f3 Nf6 16. Nxe4 Nxe4 17. fxe4 Qxe4 18. Rxf8+ Kxf8 19. Qf3+ Qxf3 20. gxf3 Be6 21. b4 a5 22. b5 Bb3 23. bxc6 bxc6 24. Nb1 Rb8 25. Nd2 Bf7 26. Rc1 Rb2 27. Nc4 Bxc4 28. Rxc4 Rb4 29. Rxc6 Rxa4 30. Kf2 Ra2+ 31. Kg3 a4 32. Ra6 a3 33. h4 Ra1 34. Kf4 a2 35. e4 Rd1 36. Rxa2 Rxd4 37. Ra7 Rd6 38. e5 Rd4+ 39. Kg5 h6+ 40. Kg6 Rxh4 41. Rf7+ Ke8 42. e6 Rh1 43. Kxg7 h5 44. f4 h4 45. Kf6 Rf1 46. f5 Rg1 47. Rh7 Rg8 48. Rxh4 Rf8+ 49. Ke5 Rg8 50. Ra4 Rg5 51. Kf6 1-0

[Event "London Crouch op"]
[Site "London"]
[Date "2016.04.02"]
[Round "1"]
[White "De Paolis, Fabrizio"]
[Black "Jones, Steven"]
[Result "0-1"]
[WhiteElo "1878"]
[BlackElo "2211"]
[PlyCount "58"]
[EventDate "2016.04.02"]
[EventType "swiss"]
[EventRounds "9"]
[EventCountry "ENG"]
[SourceTitle "CBM 171 Extra"]
[Source "ChessBase"]
[SourceDate "2016.04.26"]
[SourceVersion "1"]
[SourceVersionDate "2016.04.26"]
[SourceQuality "1"]

1. d4 Nf6 2. c4 e6 3. Nf3 Bb4+ 4. Bd2 Qe7 5. g3 Nc6 6. Nc3 b6 7. Bg2 Na5 8. Ne5 Bb7 9. Bxb7 Nxb7 10. 0-0 0-0 11. Re1 c5 12. Bg5 h6 13. Bxf6 gxf6 14. Ng4 Bxc3 15. bxc3 f5 16. Ne5 Kh7 17. e4 f6 18. Nd3 fxe4 19. Rxe4 Nd6 20. Re1 cxd4 21. cxd4 Nxc4 22. Nf4 Nd6 23. Qd3+ f5 24. d5 e5 25. Rac1 Rac8 26. Rxc8 Rxc8 27. Qe2 Nf7 28. Qh5 Qf6 29. Nd3 d6 0-1

[Event "London Classic CSC op 7th"]
[Site "London"]
[Date "2015.12.05"]
[Round "3"]
[White "Hayward, Alan"]
[Black "De Paolis, Fabrizio"]
[Result "1-0"]
[WhiteElo "2008"]
[BlackElo "1895"]
[PlyCount "69"]
[EventDate "2015.12.04"]
[EventType "swiss"]
[EventRounds "5"]
[EventCountry "ENG"]
[SourceTitle "CBM 169 Extra"]
[Source "ChessBase"]
[SourceDate "2015.12.18"]
[SourceVersion "1"]
[SourceVersionDate "2015.12.18"]
[SourceQuality "1"]

1. d4 d5 2. Nc3 Nf6 3. Bg5 Bf5 4. f3 Nbd7 5. Nxd5 Nxd5 6. e4 h6 7. Bh4 g5 8. Bf2 Bxe4 9. fxe4 Nf4 10. g3 Ng6 11. e5 c5 12. e6 Qa5+ 13. c3 fxe6 14. Bd3 Rg8 15. Qh5 0-0-0 16. Bxg6 Nf6 17. Qe2 Rxg6 18. Qxe6+ Kb8 19. Qe5+ Ka8 20. Qf5 Rg8 21. dxc5 Bg7 22. Nf3 Qb5 23. Qc2 Ng4 24. a4 Qd3 25. Qxd3 Rxd3 26. Nd4 Rf8 27. Bg1 e5 28. Ke2 e4 29. Ne6 Rf7 30. Nxg7 Rxg7 31. Bd4 Rf7 32. h3 Rxd4 33. cxd4 Nf6 34. Raf1 Kb8 35. Rf5 1-0

[Event "Leiden LCT op-A 7th"]
[Site "Leiden"]
[Date "2013.07.19"]
[Round "7"]
[White "De Paolis, Fabrizio"]
[Black "Bakker, Joop"]
[Result "1/2-1/2"]
[WhiteElo "1897"]
[BlackElo "1990"]
[PlyCount "73"]
[EventDate "2013.07.12"]
[EventType "swiss"]
[EventRounds "9"]
[EventCountry "NED"]
[SourceTitle "CBM 155 Extra"]
[Source "ChessBase"]
[SourceDate "2013.08.26"]
[SourceVersion "1"]
[SourceVersionDate "2013.08.26"]
[SourceQuality "1"]

1. d4 g6 2. e4 Bg7 3. f4 d5 4. e5 Nh6 5. Nf3 Bg4 6. h3 Bxf3 7. Qxf3 Nf5 8. c3 e6 9. Be3 Nxe3 10. Qxe3 Qh4+ 11. g3 Qe7 12. Bd3 Nd7 13. Nd2 c5 14. 0-0 c4 15. Bc2 0-0 16. g4 f5 17. exf6 Bxf6 18. Nf3 b5 19. Rae1 Rae8 20. Re2 Qd6 21. Rfe1 Bg7 22. Ne5 Bxe5 23. fxe5 Qe7 24. g5 Rf7 25. h4 Ref8 26. Rh2 Rf3 27. Qe2 Qf7 28. Bd1 Rf4 29. Bc2 Rf3 30. Bd1 Rg3+ 31. Rg2 Qf4 32. Rf1 Rxg2+ 33. Qxg2 Qxh4 34. Qg4 Qxg4+ 35. Bxg4 Rxf1+ 36. Kxf1 Kf7 37. Ke2 1/2-1/2